LEADER 00679naa a2200157 i 4500 001 000000298217 003 CaOOAMICUS 005 20180831172619.0 008 180831n xx u000 u und u 013 $a5818 040 $aSeMil$bita 100 1 $aVisonā, Giuseppe,$d<1951- >.$0(OLS)http://semarc/name/43 245 10$aQuartodecimani e ritualitā deviante nel Cristianesimo primitivo. 650 4$aPasqua - Computo.$0(OLS)http://semarc/subject/16021 773 0 $tNuove ritualitā e irrazionale.$dPadova : Messaggero, 1993.$kCaro Salutis Cardo. Contributi$z88-250-0376-5$w()66161 996 $6245$aQuartodecimani e ritualitā deviante nel Cristianesimo primitivo$9(OLS)http://semarc/title/374237 LEADER 01374nam a2200325 i 4500 001 000000059654 003 CaOOAMICUS 005 20230302143104.0 008 030122s1998 it u000 u ita u 013 $a30826 020 $a88-7610-653-7 040 $aSeMil$bita 245 12$aL'assurdo di Auschwitz e il mistero della croce /$cC.M. Martini ... [et al.]. 260 $aMilano :$bĀncora,$ccopyr. 1998. 300 $a298 p. :$bill. ;$c19 cm. 490 0 $aCollana di testi spirituali ;$v16 500 $aFondo Card. C.M. Martini. 650 4$aSacerdozio - Spiritualitā.$0(OLS)http://semarc/subject/2395 650 4$aShoah - Studi.$0(OLS)http://semarc/subject/11952 650 4$aSpiritualitā - Testi.$0(OLS)http://semarc/subject/1342 700 1 $aMartini, Carlo Maria,$c.$0(OLS)http://semarc/name/89159 830 0$aCollana di testi spirituali ;$v16.$0(OLS)http://semarc/title/442986 850 $aSeMil 852 $aSeMil$W1$xVenegono$y1$m3G II 220$j25807$B25807$CSeMilBibl$Z2$F25810 $81 941 1 $a4 961 $aOmaggio: Martini Card. Carlo Maria 996 $6020$a88-7610-653-7$9(OLS)http://semarc/number/35588 996 $6245$aL'assurdo di Auschwitz e il mistero della croce$9(OLS)http://semarc/title/93236 996 $6260$aMilano :$bĀncora$9(OLS)http://semarc/publisher/29763